|
|
|
|
| LEADER |
01552nam a2200337 a 4500 |
| 001 |
11187 |
| 003 |
BD-DhAAL |
| 005 |
20191003113354.0 |
| 008 |
091124r19931990bg b 001 0 eng d |
| 999 |
|
|
|c 5867
|d 5867
|
| 010 |
|
|
|a 91900042
|
| 020 |
|
|
|a 984051220X
|
| 040 |
|
|
|a DLC
|c DLC
|d DLC
|
| 082 |
0 |
0 |
|a 338.95492
|2 20
|
| 245 |
0 |
0 |
|a Bangladesh faces the future /
|c edited by Ole David Koht Norbye
|
| 260 |
|
|
|a Dhaka :
|b Chr. Michelsen Institute, Bergen, Norway, Bangladesh Institute of Development Studies, Dhaka, in association with University Press,
|c 1990 [second impression 1993]
|
| 300 |
|
|
|a 304 pages ;
|c 22 cm.
|
| 500 |
|
|
|a Contributed articles.
|
| 500 |
|
|
|a Includes index.
|
| 504 |
|
|
|a Includes bibliographical references.
|
| 526 |
|
|
|a BIED
|
| 541 |
1 |
|
|a Complimentary copy from BIED
|e 11187, 35884
|
| 651 |
|
0 |
|a Bangladesh
|x Economic policy.
|9 35812
|
| 651 |
|
0 |
|a Bangladesh
|x Social policy.
|9 35813
|
| 700 |
1 |
|
|a Norbye, Ole David Koht,
|d 1919-
|9 35814
|
| 710 |
2 |
|
|a Chr. Michelsens institutt.
|9 35815
|
| 710 |
2 |
|
|a Bangladesh Institute of Development Studies.
|9 35816
|
| 852 |
4 |
|
|a Ayesha Abed Library
|j General Shelf
|
| 942 |
|
|
|2 ddc
|c BK
|
| 952 |
|
|
|0 0
|1 0
|2 ddc
|4 0
|6 338_954920000000000_BAN_1990
|7 0
|9 5851
|a BRACUL
|b BRACUL
|c GEN
|d 2009-12-06
|g 490.00
|l 0
|o 338.95492 BAN
|p 3010011187
|r 2009-12-06
|t 1
|v 980.00
|w 2009-12-06
|y BK
|
| 952 |
|
|
|0 0
|1 0
|2 ddc
|4 0
|6 338_954920000000000_BAN
|7 0
|9 66660
|a BRACUL
|b BRACUL
|c GEN
|d 2019-10-03
|e Complimentary copy from BIED
|l 0
|o 338.95492 BAN
|p 3010035884
|r 2019-10-03
|t 2
|w 2019-10-03
|y BK
|x Transferred from BIED to General Stacks
|